Famous People from Hamtramck by Picture - Statistics

General Stats
  • This quiz has been taken 2 times
  • The average score is 14 of 28
Answer Stats
Picture Hint Answer % Correct
Nation of Islam Leader / Theologian / Philosopher (1933-2008) Warith Deen Mohammed
100%
Baseball Player (born 1953) Bill Nahorodny
50%
Singer-Songwriter (born 1947) Bob Franke
50%
Musician (1912-1944) Bob Zurke
50%
Basketball Player (born 1950) Charles Edge
50%
Catholic Bishop (born 1940) Francis R. Reiss
50%
Tennis Player / Spy / Businessman (1924-2018) Fred Kovaleski
50%
Actress (1932-2013) Gail Kobe
50%
Tennis Player (born 1949) Jane Bartkowicz
50%
Basketball Player (1947-1985) John Brisker
50%
Actor (1914-1955) John Hodiak
50%
Civil Rights Leader / Football Player (1922-2008) Julius Franks
50%
U.S. Representative (born 1925) Lucien Nedzi
50%
Baseball Player (1928-2004) Mike Blyzka
50%
Football Player (1919-2015) Mike Kostiuk
50%
Singer (born 1945) Mitch Ryder
50%
U.S. Representative / Businessman (1828-1889) Moses W. Field
50%
Football Player (1931-2021) Roger Zatkoff
50%
Basketball Player & Coach (born 1948) Rudy Tomjanovich
50%
Baseball Player (1920-2002) Steve Gromek
50%
Baseball Player (born 1934) Ted Kazanski
50%
U.S. Representative / District Judge (1899-1970) Thaddeus M. Machrowicz
50%
Poet (born 1941) Toi Derricotte
50%
Actor (1903-1954) Tom Tyler
50%
Professional Wrestler & Manager (born 1975) Truth Martini
50%
Musician (born 1953) Wally Palmar
50%
Football Player (born 1939) Willie Fleming
50%
Baseball Player (born 1946) Tom Paciorek
0%
No matching quizzes found
Score Distribution
Percent of People with Each Score
Percentile by Number Answered
Your Score History
You have not taken this quiz